The Essential Weber (Record no. 608165)

MARC details
000 -LEADER
fixed length control field 00391nam a22001577a 4500
008 - FIXED-LENGTH DATA ELEMENTS--GENERAL INFORMATION
fixed length control field 260110b |||||||| |||| 00| 0 eng d
020 ## - INTERNATIONAL STANDARD BOOK NUMBER
ISBN 9780415244268
Paper back/Hardbound hbk
082 ## - DEWEY DECIMAL CLASSIFICATION NUMBER
Classification number 301
Item number WHI
100 ## - MAIN ENTRY--AUTHOR NAME
Personal name whimster,Sam
245 ## - TITLE STATEMENT
Title The Essential Weber
Sub Title A reader
260 ## - PUBLICATION, DISTRIBUTION, ETC. (IMPRINT)
Place of publication USA and Canada
Name of publisher Routledge
Year of publication 2003
300 ## - PHYSICAL DESCRIPTION
Number of Pages 422P.
504 ## - BIBLIOGRAPHY, ETC. NOTE
Bibliography, etc Includes index
942 ## - ADDED ENTRY ELEMENTS (KOHA)
Koha item type English Books
Holdings
Withdrawn status Lost status Damaged status Not for loan Home library Current library Shelving location Date acquired Full call number Accession Number Price effective from Koha item type
        Anna Centenary Library Anna Centenary Library 3RD FLOOR, B WING 17.08.2010 301 WHI 121810 10.01.2026 English Books

Find us on the map